[Event "Top12Feminin"]
[Site "Mulhouse"]
[Date "2014.05.09"]
[Round "1.1"]
[White "Daulyte, Deimante"]
[Black "Brunello, Marina"]
[Result "1-0"]
[WhiteElo "2406"]
[BlackElo "2304"]
[PlyCount "109"]
[EventDate "2014.??.??"]
[WhiteTeam "Annemasse"]
[BlackTeam "Villepinte"]

1. e4 c5 2. Nc3 d6 3. f4 g6 4. Nf3 Bg7 5. Bb5+ Bd7 6. Bc4 Nc6 7. O-O e6 8. d3
Nge7 9. f5 exf5 10. Qe1 O-O 11. Qh4 Qb6 12. Rb1 Rae8 13. Bg5 h5 14. Qg3 Nb4 15.
Bxe7 Rxe7 16. Qxg6 d5 17. Qxb6 axb6 18. Nxd5 Nxd5 19. Bxd5 fxe4 20. dxe4 Bc6
21. b3 b5 22. c4 b4 23. Rbd1 Bc3 24. Rf2 Rb8 25. Kf1 Rbe8 26. g3 Kh8 27. Nh4
Bd7 28. Nf5 Bxf5 29. Rxf5 f6 30. Rxh5+ Kg7 31. Rf5 Ra8 32. Rf2 Ra7 33. Rc2 Bd4
34. Kg2 Re8 35. Kf3 Kf8 36. g4 Ke7 37. h4 Rh8 38. Rh1 Be5 39. Rg2 Kd6 40. h5
Rh6 41. Rh3 b6 42. g5 fxg5 43. Rxg5 Rxa2 44. Rg6+ Rxg6 45. hxg6 Rb2 46. Kg4
Rg2+ 47. Kh5 Ke7 48. Kh6 Rg1 49. Kh7 Rg4 50. Rh5 Kd6 51. Bf7 Bc3 52. Rd5+ Ke7
53. e5 Rg5 54. g7 Kxf7 55. e6+ 1-0

[Event "Top12Feminin"]
[Site "Mulhouse"]
[Date "2014.05.09"]
[Round "1.2"]
[White "Safranska, Anda"]
[Black "Gara, Ticia"]
[Result "1/2-1/2"]
[WhiteElo "2262"]
[BlackElo "2338"]
[PlyCount "60"]
[EventDate "2014.??.??"]
[WhiteTeam "Villepinte"]
[BlackTeam "Annemasse"]

1. Nf3 Nf6 2. g3 g6 3. b3 Bg7 4. Bb2 O-O 5. Bg2 c5 6. O-O d5 7. d3 Nc6 8. Nbd2
b6 9. e4 d4 10. a4 e5 11. Nc4 Ne8 12. Nfd2 Nd6 13. f4 Nxc4 14. Nxc4 exf4 15.
gxf4 Be6 16. Bc1 Rc8 17. f5 Bxc4 18. bxc4 Ne5 19. Bd2 Qh4 20. Rf4 Qe7 21. Rf1
Qh4 22. Rf4 Qe7 23. Rf1 Qh4 24. Rf4 Qe7 25. Rf1 Qh4 26. Qe1 Qxe1 27. Rfxe1 Ng4
28. Rab1 Ne3 29. Bxe3 dxe3 30. Kf1 Bh6 1/2-1/2

[Event "Top12Feminin"]
[Site "Mulhouse"]
[Date "2014.05.09"]
[Round "1.3"]
[White "Zapata, Karen"]
[Black "Bellaiche, Elise"]
[Result "1-0"]
[WhiteElo "2216"]
[BlackElo "2041"]
[PlyCount "59"]
[EventDate "2014.??.??"]
[WhiteTeam "Annemasse"]
[BlackTeam "Villepinte"]

1. e4 c5 2. Nc3 e6 3. d3 Nc6 4. f4 d5 5. Nf3 Nf6 6. e5 Nd7 7. Qe2 Nd4 8. Qf2
Qb6 9. a3 Nb8 10. Nxd4 cxd4 11. Ne2 Nc6 12. c3 dxc3 13. Qxb6 axb6 14. bxc3 b5
15. Rb1 Ra5 16. g3 Be7 17. Bg2 Kd7 18. Be3 Bd8 19. O-O b6 20. c4 bxc4 21. dxc4
Rxa3 22. cxd5 exd5 23. Bh3+ Ke8 24. Bxc8 Rxe3 25. Kf2 Ra3 26. Rfd1 Be7 27. Rxd5
Bc5+ 28. Kg2 Ne7 29. Bd7+ Kf8 30. Rxc5 1-0

[Event "Top12Feminin"]
[Site "Mulhouse"]
[Date "2014.05.09"]
[Round "1.4"]
[White "Lialy Yao, Rakina"]
[Black "Roumegous, Marina"]
[Result "0-1"]
[WhiteElo "1393"]
[BlackElo "2144"]
[PlyCount "108"]
[EventDate "2014.??.??"]

1. d4 Nf6 2. Nf3 e6 3. c4 b6 4. g3 Ba6 5. b3 Bb4+ 6. Bd2 Be7 7. Bg2 Bb7 8. Nc3
O-O 9. O-O c5 10. e3 d6 11. Bc1 Nbd7 12. Bb2 Rc8 13. Rc1 Re8 14. Re1 a6 15. a3
Rc7 16. Nb1 Qa8 17. Nbd2 Rd8 18. Qe2 Ne4 19. Nxe4 Bxe4 20. Red1 cxd4 21. exd4
d5 22. Ne1 Bxg2 23. Nxg2 Nf6 24. Qf3 Qc8 25. cxd5 Nxd5 26. Rxc7 Qxc7 27. Rc1
Qd7 28. Qg4 Qb5 29. Qd1 h6 30. Ne3 Bg5 31. Kg2 Bxe3 32. Rc4 Bg5 33. Kg1 Qd7 34.
Bc1 Bxc1 35. Qxc1 a5 36. b4 axb4 37. axb4 b5 38. Rc2 Nxb4 39. Rd2 Nd5 40. Qa3
b4 41. Qb3 Rc8 42. Rc2 Rxc2 43. Qxc2 Qc7 44. Qa4 g6 45. Kg2 Kg7 46. h4 Qb7 47.
Kh2 b3 48. Qa1 b2 49. Qb1 Nc3 50. Qe1 b1=Q 51. Qe5+ f6 52. Qe1 Qxe1 53. Kh3
Qeh1+ 54. Kg4 Qbf3# 0-1

[Event "Top12Feminin"]
[Site "Mulhouse"]
[Date "2014.05.09"]
[Round "1.1"]
[White "Agagabean, Naira"]
[Black "Milliet, Sophie"]
[Result "0-1"]
[WhiteElo "2180"]
[BlackElo "2390"]
[PlyCount "54"]
[EventDate "2014.??.??"]
[WhiteTeam "Monaco"]
[BlackTeam "Evry"]

1. d4 d5 2. Nf3 Nc6 3. g3 Bg4 4. Bg2 Qd7 5. Nc3 O-O-O 6. Bf4 f6 7. h3 Bh5 8. g4
Bg6 9. e3 e6 10. a3 Kb8 11. Qd2 Nge7 12. b3 Be4 13. O-O g5 14. Bg3 h5 15. Nxe4
dxe4 16. Ne1 hxg4 17. hxg4 e5 18. Qe2 f5 19. dxe5 Bg7 20. gxf5 Nxf5 21. Bxe4
Nxg3 22. fxg3 Bxe5 23. Nd3 Bxa1 24. Rxa1 Qe6 25. Nf2 Qe5 26. Re1 Qxg3+ 27. Bg2
Rdf8 0-1

[Event "Top12Feminin"]
[Site "Mulhouse"]
[Date "2014.05.09"]
[Round "1.2"]
[White "Vega Guttierez, Sabrina"]
[Black "Levacic, Melissa"]
[Result "1-0"]
[WhiteElo "2410"]
[BlackElo "2000"]
[PlyCount "60"]
[EventDate "2014.??.??"]
[WhiteTeam "Evry"]
[BlackTeam "Monaco"]

1. e4 e5 2. Nf3 Nc6 3. Bc4 Bc5 4. O-O Nf6 5. c3 d6 6. b4 Bb6 7. d3 Bg4 8. a4 a5
9. b5 Ne7 10. h3 Bh5 11. Be3 c6 12. bxc6 bxc6 13. Nbd2 O-O 14. d4 exd4 15. cxd4
d5 16. e5 Ne4 17. Nxe4 dxe4 18. g4 exf3 19. gxh5 Nf5 20. Qxf3 Nxd4 21. Qg4 Kh8
22. Rab1 c5 23. Bg5 Nf3+ 24. Qxf3 Qxg5+ 25. Qg4 Bd8 26. f4 Qh4 27. Rb7 Qxg4+
28. hxg4 f5 29. g5 Re8 30. Rd1 Re7 1-0

[Event "Top12Feminin"]
[Site "Mulhouse"]
[Date "2014.05.09"]
[Round "1.3"]
[White "Chung, Mathilde"]
[Black "Rasinaru, Alina"]
[Result "1-0"]
[WhiteElo "1945"]
[BlackElo "1954"]
[PlyCount "129"]
[EventDate "2014.??.??"]
[WhiteTeam "Monaco"]
[BlackTeam "Evry"]

1. d4 d5 2. c4 e6 3. Nc3 Nf6 4. Nf3 c6 5. e3 Bd6 6. Bd3 O-O 7. O-O Nbd7 8. e4
dxe4 9. Nxe4 Nxe4 10. Bxe4 Nf6 11. Bc2 h6 12. Bd2 b6 13. Bc3 Qe7 14. Re1 Bb4
15. Qd2 Bxc3 16. Qxc3 Bb7 17. Rad1 Rfd8 18. a3 Qc7 19. c5 Rd5 20. Ne5 Rc8 21.
Bb3 Rdd8 22. Nxf7 Kxf7 23. Bxe6+ Kf8 24. Bxc8 Bxc8 25. b4 Nd5 26. Qg3 Qxg3 27.
hxg3 Re8 28. Re5 Kf7 29. Rde1 Rd8 30. f3 Bd7 31. Kf2 Bc8 32. Rc1 Bd7 33. b5 Ne7
34. Rce1 Ng6 35. R5e2 cxb5 36. cxb6 axb6 37. Rc1 Rc8 38. Rxc8 Bxc8 39. Rc2 Ne7
40. d5 Bb7 41. d6 Nd5 42. Re2 Bc6 43. Re5 b4 44. axb4 Nxb4 45. Re7+ Kf8 46. Rc7
Ba4 47. Rb7 Nd5 48. Ke2 Bc6 49. Ra7 b5 50. Kd3 Nb4+ 51. Kc3 Nd5+ 52. Kd4 b4 53.
Kc5 b3 54. Kxc6 Nb4+ 55. Kc5 b2 56. Ra8+ Kf7 57. d7 b1=Q 58. d8=Q Nd3+ 59. Kd4
Qg1+ 60. Kxd3 Qd1+ 61. Kc4 Qc2+ 62. Kb5 Qb3+ 63. Kc6 Qc4+ 64. Kb7 Qb5+ 65. Kc8
1-0

[Event "Top12Feminin"]
[Site "Mulhouse"]
[Date "2014.05.09"]
[Round "1.4"]
[White "Huisman, Chloe"]
[Black "Lebal-Arias, Julia"]
[Result "0-1"]
[WhiteElo "1954"]
[BlackElo "1810"]
[PlyCount "82"]
[EventDate "2014.??.??"]

1. Nf3 g6 2. g3 Bg7 3. Bg2 c5 4. O-O Nc6 5. e4 d6 6. Re1 Nh6 7. h3 O-O 8. c3 e5
9. d3 f6 10. d4 Nf7 11. d5 Ne7 12. Nbd2 f5 13. Nh2 Bd7 14. f3 b5 15. Nhf1 a5
16. Kh2 Bh6 17. Nb3 f4 18. g4 a4 19. Nbd2 Bg5 20. Re2 Bh4 21. Nb1 h5 22. Bd2
hxg4 23. hxg4 Kg7 24. Kg1 Rh8 25. Be1 Ng5 26. Na3 Rh6 27. Qc2 Bxe1 28. Rexe1
Qb6 29. Qf2 Rah8 30. c4 b4 31. Nc2 Nh3+ 32. Bxh3 Rxh3 33. Qg2 g5 34. Re2 b3 35.
Ne1 bxa2 36. Rxa2 Qb3 37. Ra3 Qxc4 38. Rc2 Qd4+ 39. Qf2 Rh1+ 40. Kg2 Bb5 41.
Qxd4 Bxf1+ 0-1

[Event "Top12Feminin"]
[Site "Mulhouse"]
[Date "2014.05.09"]
[Round "1.1"]
[White "Collas, Silvia"]
[Black "Schmidt, Jessica"]
[Result "1-0"]
[WhiteElo "2290"]
[BlackElo "2291"]
[PlyCount "70"]
[EventDate "2014.??.??"]
[WhiteTeam "Montpellier"]
[BlackTeam "Strasbourg"]

1. c4 c6 2. Nf3 d5 3. Qb3 Nf6 4. g3 Nbd7 5. d4 dxc4 6. Qxc4 Nb6 7. Qc2 g6 8.
Nbd2 Bg7 9. Bg2 O-O 10. O-O a5 11. Re1 a4 12. e4 Nfd7 13. h3 Re8 14. Nf1 e5 15.
dxe5 Nxe5 16. Nxe5 Bxe5 17. Be3 Qc7 18. f4 Bg7 19. Rad1 Be6 20. b3 axb3 21.
axb3 Rad8 22. f5 Rxd1 23. Rxd1 Bc8 24. f6 Bxf6 25. Qf2 Bd8 26. Rxd8 Qxd8 27.
Bxb6 Qe7 28. Bd4 Be6 29. Ne3 Qd8 30. Bb2 Qe7 31. Kh2 b5 32. h4 Bd7 33. Bf6 Qd6
34. e5 Qd4 35. e6 Bc8 1-0

[Event "Top12Feminin"]
[Site "Mulhouse"]
[Date "2014.05.09"]
[Round "1.2"]
[White "Boyard, Marie"]
[Black "Frisk, Ellinor"]
[Result "1/2-1/2"]
[WhiteElo "1984"]
[BlackElo "2193"]
[PlyCount "58"]
[EventDate "2014.??.??"]
[WhiteTeam "Strasbourg"]
[BlackTeam "Montpellier"]

1. d4 d5 2. Nc3 Nf6 3. Bg5 Nbd7 4. Qd3 c5 5. Bxf6 Nxf6 6. dxc5 e6 7. O-O-O Bd7
8. e4 dxe4 9. Nxe4 Nxe4 10. Qxe4 Qc7 11. Nf3 Bxc5 12. Ne5 Bc6 13. Nxc6 Qxc6 14.
Qxc6+ bxc6 15. f3 Ke7 16. c3 Rab8 17. Bd3 Rb6 18. Rhe1 Rhb8 19. b3 Bd6 20. h3
g6 21. Bc4 Rd8 22. Kc2 Rbb8 23. b4 Bf4 24. a4 Rxd1 25. Rxd1 Rd8 26. Rxd8 Kxd8
27. Kd3 Ke7 28. Bb3 Bd6 29. Kc4 e5 1/2-1/2

[Event "Top12Feminin"]
[Site "Mulhouse"]
[Date "2014.05.09"]
[Round "1.3"]
[White "Hamdouchi, Adina"]
[Black "Muller, Marion"]
[Result "1-0"]
[WhiteElo "2176"]
[BlackElo "1890"]
[PlyCount "63"]
[EventDate "2014.??.??"]

1. Nf3 d5 2. g3 c5 3. Bg2 Nc6 4. O-O Nf6 5. d3 e6 6. Nbd2 Be7 7. e4 O-O 8. Re1
Qc7 9. c3 b6 10. e5 Nd7 11. Qe2 Ba6 12. Nf1 Rac8 13. h4 b5 14. N1h2 Rfd8 15.
Bf4 Nf8 16. h5 Qd7 17. Ng4 d4 18. Rad1 dxc3 19. bxc3 b4 20. c4 Qe8 21. h6 Ng6
22. Bc1 Bf8 23. hxg7 Bxg7 24. Bg5 Rd4 25. Nxd4 Nxd4 26. Qd2 Kh8 27. Bf6 Bxf6
28. Nxf6 Qf8 29. f4 Qg7 30. Kf2 Nf8 31. Rh1 Nf5 32. Rh3 1-0

[Event "Top12Feminin"]
[Site "Mulhouse"]
[Date "2014.05.09"]
[Round "1.4"]
[White "Olguin, Monica"]
[Black "Thuret, Marine"]
[Result "0-1"]
[WhiteElo "1747"]
[BlackElo "1912"]
[PlyCount "69"]
[EventDate "2014.??.??"]
[WhiteTeam "Strasbourg"]
[BlackTeam "Montpellier"]

1. e4 c5 2. Nf3 d6 3. d4 cxd4 4. Nxd4 Nf6 5. Nc3 g6 6. Be3 Bg7 7. Be2 Nc6 8.
Qd2 Bd7 9. f3 O-O 10. O-O a6 11. a3 b5 12. Rad1 Ne5 13. Kh1 Nc4 14. Bxc4 bxc4
15. b4 cxb3 16. cxb3 a5 17. Rb1 Ra6 18. Rfc1 Ne8 19. Nd5 e6 20. Qd3 Ra8 21. Nc3
Nc7 22. Nde2 Ra6 23. Rc2 Qb8 24. Nd4 Rc8 25. Rcc1 Qb7 26. Na4 Bxd4 27. Bxd4 Bb5
28. Qc3 e5 29. Be3 Bd7 30. Qd3 Nb5 31. Rxc8+ Bxc8 32. Ra1 Rc6 33. h3 Be6 34.
Bd2 Nd4 35. Bxa5 0-1

[Event "Top12Feminin"]
[Site "Mulhouse"]
[Date "2014.05.09"]
[Round "1.1"]
[White "Zickelbein, Eva-Maria"]
[Black "Javakhishvili, Lela"]
[Result "0-1"]
[WhiteElo "2065"]
[BlackElo "2475"]
[PlyCount "52"]
[EventDate "2014.??.??"]
[WhiteTeam "Naujac"]
[BlackTeam "Bischwiller"]

1. e4 c5 2. Nc3 a6 3. Nf3 e6 4. d4 cxd4 5. Nxd4 b5 6. Be3 Bb7 7. f3 Qc7 8. Be2
Nf6 9. Qd2 b4 10. Nd1 e5 11. Nf5 d5 12. Nf2 h6 13. exd5 Nxd5 14. Nd3 g6 15. Ng3
Nd7 16. Bf2 Rc8 17. Bd1 h5 18. Ne4 Bh6 19. Qe2 O-O 20. O-O Rfe8 21. c4 bxc3 22.
Nxc3 Nxc3 23. bxc3 e4 24. fxe4 Bxe4 25. Bg3 Qxc3 26. Bb3 Bxd3 0-1

[Event "Top12Feminin"]
[Site "Mulhouse"]
[Date "2014.05.09"]
[Round "1.2"]
[White "Maisuradze, Nino"]
[Black "Wohlers-Armas, Friederike"]
[Result "0-1"]
[WhiteElo "2239"]
[BlackElo "2020"]
[PlyCount "145"]
[EventDate "2014.??.??"]
[WhiteTeam "Bischwiller"]
[BlackTeam "Naujac"]

1. d4 Nf6 2. c4 e6 3. Nf3 d5 4. cxd5 exd5 5. Nc3 c6 6. Qc2 Nbd7 7. Bg5 Be7 8.
e3 O-O 9. Bd3 Re8 10. O-O Ne4 11. Bxe4 dxe4 12. Nxe4 Bxg5 13. Nexg5 Nf8 14. Qb3
Re7 15. Ne5 Qe8 16. Rac1 h6 17. Ngf3 Be6 18. Qc2 f6 19. Nc4 Qh5 20. Ncd2 Nd7
21. e4 Nb6 22. Qc5 Qf7 23. Rfe1 Rd7 24. a3 Rad8 25. h3 g5 26. b4 h5 27. Nxg5
fxg5 28. Qxg5+ Qg7 29. Qxh5 Bf7 30. Qh4 Qh7 31. Qxh7+ Kxh7 32. Nf3 Re7 33. g4
Bg6 34. Rcd1 Nc4 35. Rd3 Kg7 36. Rc3 Nb6 37. e5 Nd5 38. Rb3 Nf4 39. h4 Bf7 40.
Rbb1 Bd5 41. Ng5 Rf8 42. Rf1 Ne2+ 43. Kh2 Rf4 44. f3 Nxd4 45. Rbe1 Nc2 46. Kg3
Rd4 47. Re2 Bc4 48. Rxc2 Bxf1 49. f4 Bb5 50. Rc3 Rd3+ 51. Rxd3 Bxd3 52. Kf3 Bc4
53. Ne4 Bb3 54. Nd6 Bd1+ 55. Kg3 Bc2 56. h5 b6 57. Kh4 c5 58. bxc5 bxc5 59. Kg5
Bd3 60. h6+ Kf8 61. f5 c4 62. e6 c3 63. Nf7 Rxf7 64. exf7 c2 65. h7 c1=Q+ 66.
Kh5 Qh1+ 67. Kg6 Qh3 68. Kf6 Qxh7 69. Kg5 Kxf7 70. a4 a5 71. Kf4 Bxf5 72. g5
Ke6 73. Ke3 0-1

[Event "Top12Feminin"]
[Site "Mulhouse"]
[Date "2014.05.09"]
[Round "1.3"]
[White "Armas, Lara-Maria"]
[Black "Fischer, Julie"]
[Result "0-1"]
[WhiteElo "1932"]
[BlackElo "1968"]
[PlyCount "101"]
[EventDate "2014.??.??"]
[WhiteTeam "Naujac"]
[BlackTeam "Bischwiller"]

1. d4 Nf6 2. c4 c5 3. dxc5 Na6 4. Nc3 Nxc5 5. Nf3 g6 6. g3 Bg7 7. Bg2 Rb8 8.
O-O b6 9. Bf4 d6 10. Nd4 Bb7 11. Nc6 Bxc6 12. Bxc6+ Nfd7 13. Qd2 Qc8 14. Bd5
O-O 15. b3 Nf6 16. Bg2 Qf5 17. Rac1 Ne6 18. Bh6 Rfc8 19. Bxg7 Kxg7 20. e4 Qh5
21. f4 Qc5+ 22. Kh1 h5 23. f5 Nf8 24. Nd5 Nxd5 25. exd5 Nd7 26. fxg6 fxg6 27.
Bh3 Ne5 28. Bxc8 Qxc8 29. Qg5 Rb7 30. Rce1 Qc7 31. Kg2 b5 32. Qf4 Rb8 33. cxb5
Kh7 34. Qg5 Kg7 35. Re2 Rxb5 36. Qf4 Rb8 37. Rc1 Qb7 38. Rxe5 Rf8 39. Qd4 dxe5
40. Qxe5+ Kh6 41. Rc6 a5 42. Qe3+ Kh7 43. Qg5 Rg8 44. Qe5 Rg7 45. Rc7 Qb4 46.
Rc4 Qd2+ 47. Kg1 Qd1+ 48. Kg2 Qd2+ 49. Kg1 Qd1+ 50. Kf2 Qd2+ 51. Kg1 0-1

[Event "Top12Feminin"]
[Site "Mulhouse"]
[Date "2014.05.09"]
[Round "1.4"]
[White "Fesselier, Melissa"]
[Black "Armas, Lena"]
[Result "1-0"]
[WhiteElo "1788"]
[BlackElo "1891"]
[PlyCount "115"]
[EventDate "2014.??.??"]
[WhiteTeam "Bischwiller"]
[BlackTeam "Naujac"]

1. e4 d5 2. exd5 Qxd5 3. Nc3 Qd6 4. d4 Nf6 5. Nf3 a6 6. h3 b5 7. a3 Bb7 8. Be2
e6 9. O-O Be7 10. Ne5 c5 11. Bf4 Qxd4 12. Qc1 c4 13. Rd1 Qc5 14. b3 cxb3 15.
cxb3 Nd5 16. Nxd5 Bxd5 17. Qxc5 Bxc5 18. Rac1 Bb6 19. Rc8+ Bd8 20. Bf3 O-O 21.
Bxd5 exd5 22. Nd7 Nxd7 23. Rxa8 Nf6 24. Bg5 h6 25. Bxf6 Bxf6 26. Rxf8+ Kxf8 27.
Rxd5 Ke7 28. Kf1 Ke6 29. Rd3 a5 30. a4 bxa4 31. bxa4 Be7 32. Ke2 h5 33. Kd1 h4
34. Kc2 g5 35. Kd1 Bc5 36. Ke2 f6 37. g3 hxg3 38. fxg3 Kf7 39. Kf3 Kg6 40. Rd5
Bb4 41. Kg4 Be1 42. h4 gxh4 43. gxh4 Kh6 44. h5 Bb4 45. Kf5 Kxh5 46. Kxf6+ Kg4
47. Rf5 Bc3+ 48. Ke6 Bb4 49. Rf1 Kg5 50. Kd5 Kg6 51. Kc6 Kg5 52. Kb5 Kg4 53.
Rf7 Kg5 54. Ra7 Kf6 55. Rxa5 Bxa5 56. Kxa5 Ke7 57. Kb6 Kd7 58. Kb7 1-0

[Event "Top12Feminin"]
[Site "Mulhouse"]
[Date "2014.05.09"]
[Round "1.1"]
[White "Paehtz, Elisabeth"]
[Black "Boulan, Laura"]
[Result "1-0"]
[WhiteElo "2443"]
[BlackElo "2051"]
[PlyCount "71"]
[EventDate "2014.??.??"]
[WhiteTeam "Mulhouse"]
[BlackTeam "Migné"]

1. e4 d6 2. d4 e5 3. Ne2 Be7 4. Nbc3 Nf6 5. g3 O-O 6. Bg2 Nbd7 7. O-O Re8 8. h3
c6 9. a4 a5 10. Be3 Bf8 11. g4 exd4 12. Bxd4 Nc5 13. Ng3 b6 14. Qd2 Ne6 15. Be3
Qc7 16. Rad1 Ba6 17. Rfe1 Rad8 18. g5 Nd7 19. f4 Nec5 20. Nf5 Nb8 21. Qf2 Bc8
22. Nd4 Nba6 23. f5 g6 24. h4 Nd7 25. h5 Ne5 26. hxg6 fxg6 27. Bf4 Nc5 28. b3
Bg7 29. Qh4 Qf7 30. f6 Bf8 31. Bxe5 dxe5 32. Nxc6 Rxd1 33. Rxd1 Qc7 34. Nd5 Qb7
35. f7+ Qxf7 36. Rf1 1-0

[Event "Top12Feminin"]
[Site "Mulhouse"]
[Date "2014.05.09"]
[Round "1.2"]
[White "Le Bail, Clara"]
[Black "Richard, Emma"]
[Result "0-1"]
[WhiteElo "1975"]
[BlackElo "2099"]
[PlyCount "86"]
[EventDate "2014.??.??"]
[WhiteTeam "Migné"]
[BlackTeam "Mulhouse"]

1. e4 c5 2. c3 d6 3. d4 Nf6 4. dxc5 Nc6 5. Bc4 dxc5 6. Qxd8+ Nxd8 7. e5 Nd7 8.
Nf3 e6 9. O-O a6 10. a4 Nc6 11. Bf4 Na5 12. Nbd2 Nb6 13. Be2 Bd7 14. Bd1 Bc6
15. Re1 Be7 16. Bc2 O-O 17. Bg5 Bxg5 18. Nxg5 h6 19. Nge4 c4 20. Nd6 Rad8 21.
N2e4 Nd7 22. f4 f6 23. Rf1 fxe5 24. fxe5 Rxf1+ 25. Rxf1 Nxe5 26. Rd1 Bxe4 27.
Nxe4 Rxd1+ 28. Bxd1 Nd3 29. Nd6 Nxb2 30. Bc2 Kf8 31. Kf1 Ke7 32. Ne4 Nb3 33.
Bxb3 cxb3 34. Nc5 b6 35. Nxb3 Nxa4 36. c4 Kd6 37. Ke2 Nc5 38. Nd2 a5 39. Kd1
Nd3 40. g3 Kc5 41. Kc2 Kd4 42. h4 a4 43. h5 Ne5 0-1

[Event "Top12Feminin"]
[Site "Mulhouse"]
[Date "2014.05.09"]
[Round "1.3"]
[White "Haussernot, Cecile"]
[Black "Leriche, Ines"]
[Result "1-0"]
[WhiteElo "2006"]
[BlackElo "1907"]
[PlyCount "121"]
[EventDate "2014.??.??"]
[WhiteTeam "Mulhouse"]
[BlackTeam "Migne"]

1. e4 c5 2. Nc3 g6 3. g3 Bg7 4. Bg2 d6 5. d3 Nc6 6. f4 Nf6 7. Nf3 Bg4 8. h3
Bxf3 9. Qxf3 O-O 10. O-O Rb8 11. Be3 Nd7 12. Kh2 b5 13. g4 b4 14. Nd1 Nd4 15.
Qf2 Qa5 16. Qd2 Qa4 17. c3 bxc3 18. bxc3 Nc2 19. Rc1 Nxe3 20. Nxe3 Qa5 21. f5
Bh6 22. Rf2 Rb2 23. Qxb2 Bxe3 24. Rcf1 Bxf2 25. Rxf2 Rb8 26. Qd2 Qb5 27. fxg6
fxg6 28. e5 Nxe5 29. Bd5+ Kg7 30. Qg5 Re8 31. c4 Qb1 32. Re2 Qf1 33. Qe3 Rf8
34. Kg3 Qb1 35. Be4 Qf1 36. Bg2 Qb1 37. Rd2 Qc1 38. h4 Qa1 39. h5 Qd4 40. h6+
Kh8 41. Qxd4 cxd4 42. Bd5 g5 43. Rb2 Nxd3 44. Rb7 Nf4 45. Be4 Ng6 46. Rxa7 e5
47. Rd7 Re8 48. Rxd6 Kg8 49. Rd7 Re7 50. Rd8+ Kf7 51. Bd5+ Re6 52. Rd7+ Ke8 53.
Bxe6 Nf8 54. Rd5 Nxe6 55. Rxe5 Kf7 56. c5 d3 57. Rd5 Nf4 58. Rd6 Ke7 59. a4
Ne2+ 60. Kf3 Nc3 61. a5 1-0

[Event "Top12Feminin"]
[Site "Mulhouse"]
[Date "2014.05.09"]
[Round "1.4"]
[White "Marchais, Aurelie"]
[Black "Hug, Roxana"]
[Result "1/2-1/2"]
[WhiteElo "1769"]
[BlackElo "1591"]
[PlyCount "145"]
[EventDate "2014.??.??"]

1. d4 d5 2. Nf3 Nf6 3. Bg5 Ne4 4. Bh4 Nd7 5. e3 Ndf6 6. Nbd2 Bg4 7. Be2 Nxd2 8.
Nxd2 Bxe2 9. Qxe2 c6 10. O-O e6 11. Rad1 Be7 12. e4 O-O 13. e5 Nd7 14. Bxe7
Qxe7 15. Nf3 Nb6 16. b3 c5 17. c3 Rac8 18. Rc1 Rc7 19. Rc2 Rfc8 20. Rfc1 Nd7
21. c4 dxc4 22. Rxc4 Nb6 23. R4c2 a6 24. g3 Nd5 25. dxc5 Rxc5 26. Nd4 Nb4 27.
Rxc5 Rxc5 28. Rd1 h6 29. a3 Nd5 30. Qb2 Rc8 31. Rc1 Qd7 32. Rc2 Rxc2 33. Qxc2
Qc7 34. Qxc7 Nxc7 35. f4 Kf8 36. Kf2 Ke7 37. Kf3 Nd5 38. g4 Nc3 39. f5 Nb1 40.
a4 Nc3 41. a5 Nd5 42. h4 g6 43. f6+ Kd7 44. h5 g5 45. Ke4 Nf4 46. Nf3 Nh3 47.
Nd4 Nf4 48. b4 Nd5 49. b5 Nc3+ 50. Kd3 Nxb5 51. Nf3 Na7 52. Nxg5 Ke8 53. Ne4
Nc6 54. Nd6+ Kf8 55. Nxb7 Nxe5+ 56. Ke4 Nxg4 57. Nc5 Nxf6+ 58. Ke5 Nd5 59. Nxa6
Ke7 60. Nc5 Nb4 61. a6 Nc6+ 62. Kf4 f6 63. Ne4 f5 64. Ng3 Kf6 65. Ke3 e5 66.
Ne2 Ke6 67. Nc3 Na7 68. Na4 Kd6 69. Nb6 Kc6 70. Nc4 Kd5 71. Nb6+ Kc6 72. Nc4
Kd5 73. Nb6+ 1/2-1/2

[Event "Top12Feminin"]
[Site "Mulhouse"]
[Date "2014.05.09"]
[Round "1.1"]
[White "Rudolf, Anna"]
[Black "Madl, Ildiko"]
[Result "1/2-1/2"]
[WhiteElo "2292"]
[BlackElo "2328"]
[PlyCount "39"]
[EventDate "2014.??.??"]
[WhiteTeam "Vandoeuvre"]
[BlackTeam "Juvisy"]

1. e4 c5 2. Nf3 d6 3. d4 cxd4 4. Nxd4 Nf6 5. Nc3 Nc6 6. Bc4 e6 7. O-O a6 8. Be3
Qc7 9. Qe2 Be7 10. f3 O-O 11. a4 Nxd4 12. Bxd4 e5 13. Be3 Be6 14. Nd5 Nxd5 15.
Bxd5 Bxd5 16. exd5 Rac8 17. Rfc1 h6 18. c4 Bg5 19. a5 Qe7 20. Ra3 1/2-1/2

[Event "Top12Feminin"]
[Site "Mulhouse"]
[Date "2014.05.09"]
[Round "1.2"]
[White "Millet, Maud"]
[Black "Sidibe, Malika"]
[Result "0-1"]
[WhiteElo "1983"]
[BlackElo "1836"]
[PlyCount "126"]
[EventDate "2014.??.??"]
[WhiteTeam "Juvisy"]
[BlackTeam "Vandoeuvre"]

1. e4 c5 2. Nf3 Nc6 3. d3 d6 4. Nbd2 Nf6 5. Be2 e6 6. O-O Be7 7. c3 O-O 8. Re1
d5 9. Qc2 Qc7 10. Bf1 Bd6 11. g3 b6 12. a3 Bb7 13. exd5 exd5 14. d4 Rfe8 15.
Rxe8+ Rxe8 16. Nb1 Bc8 17. Be3 Ng4 18. Bd2 Nf6 19. Be3 Ng4 20. Bd2 Nf6 21. a4
Bg4 22. dxc5 bxc5 23. Ne1 Ne5 24. Na3 Qc8 25. Nb5 Bb8 26. Bg2 a6 27. Na3 Bh3
28. Bg5 Bxg2 29. Kxg2 Ne4 30. Bf4 Qb7 31. f3 Nf6 32. Rd1 Nh5 33. Bxe5 Rxe5 34.
Nd3 Rg5 35. Nxc5 Qc8 36. Qd2 Nf4+ 37. Kf2 Qxc5+ 38. Kf1 Ne6 39. b4 Qb6 40. Re1
Rf5 41. Kg2 h6 42. Nc2 Re5 43. Rd1 Qc6 44. a5 Rf5 45. Ne3 Rg5 46. Nf1 Nf4+ 47.
Kh1 Ne6 48. Qe3 Re5 49. Qd3 Ba7 50. Nd2 Re3 51. Qf5 Rxc3 52. Kg2 Nd4 53. Qe5
Ne6 54. h4 Bd4 55. Qe1 Rc2 56. Kh1 Bc3 57. Qe3 Bxb4 58. Nf1 Rc3 59. Qf2 Bxa5
60. Rb1 d4 61. Rb8+ Kh7 62. Rb2 Rxf3 63. Qg2 Rxf1+ 0-1

[Event "Top12Feminin"]
[Site "Mulhouse"]
[Date "2014.05.09"]
[Round "1.3"]
[White "De Talance, Berenice"]
[Black "Fortuit, Emilie"]
[Result "1-0"]
[WhiteElo "1472"]
[BlackElo "1973"]
[PlyCount "129"]
[EventDate "2014.??.??"]
[WhiteTeam "Vandoeuvre"]
[BlackTeam "Juvisy"]

1. e4 c5 2. Nf3 Nc6 3. Bb5 e6 4. O-O Nd4 5. Nxd4 cxd4 6. c3 Qb6 7. Ba4 g6 8.
cxd4 Qxd4 9. Nc3 a6 10. d3 Bg7 11. Bb3 b5 12. Be3 Qb4 13. d4 Ne7 14. Rc1 d6 15.
f3 O-O 16. d5 e5 17. Bb6 Nf5 18. a3 Ne3 19. axb4 Nxd1 20. Rfxd1 Bh6 21. Ra1 f5
22. Nxb5 fxe4 23. Nxd6 exf3 24. gxf3 Bh3 25. Kf2 Rf6 26. Nc4 e4 27. d6 Rxf3+
28. Ke2 Rxb3 29. d7 Bg4+ 30. Ke1 Bxd7 31. Rxd7 Rxb4 32. Rd4 e3 33. Rad1 Bg5 34.
R1d3 Rc8 35. b3 Rb8 36. Ba5 Rxb3 37. Rxb3 Rxb3 38. Re4 Rb1+ 39. Ke2 Rh1 40. Bc7
Rc1 41. Bg3 Rc2+ 42. Kd3 Ra2 43. Nxe3 Ra3+ 44. Ke2 Bxe3 45. Rxe3 Rxe3+ 46. Kxe3
Kf7 47. Kf4 h6 48. Kg4 a5 49. Bf2 a4 50. Be3 Kg7 51. Bd4+ Kh7 52. Kf4 a3 53.
Ke5 a2 54. Kf6 g5 55. Bc3 g4 56. Bb2 h5 57. Kg5 g3 58. hxg3 Kg8 59. Kxh5 Kh7
60. Kg5 Kg8 61. Kg6 a1=Q 62. Bxa1 Kf8 63. g4 Kg8 64. g5 Kf8 65. Kh7 1-0

[Event "Top12Feminin"]
[Site "Mulhouse"]
[Date "2014.05.09"]
[Round "1.4"]
[White "Aggoune, Liza"]
[Black "Charbonnel, Juliette"]
[Result "0-1"]
[WhiteElo "1843"]
[BlackElo "1248"]
[PlyCount "106"]
[EventDate "2014.??.??"]

1. e4 e5 2. Nf3 Nc6 3. Bc4 Nf6 4. O-O Bc5 5. d3 h6 6. c3 O-O 7. b4 Bb6 8. Bb2
d6 9. Nbd2 Be6 10. Qb3 Qd7 11. d4 Bxc4 12. Qxc4 Kh8 13. Rad1 Rae8 14. Rfe1 Qg4
15. h3 Qg6 16. d5 Ne7 17. a4 a5 18. bxa5 Bxa5 19. Qb5 b6 20. Qc4 Rc8 21. Nf1
Nh5 22. Kh2 Kh7 23. Qd3 Nf4 24. Nh4 Nxd3 25. Nxg6 Nxe1 26. Nxf8+ Rxf8 27. Rxe1
f5 28. f3 g6 29. Re2 h5 30. Nd2 Rb8 31. Nc4 Kh6 32. Na3 Kg5 33. Nb5 Rb7 34.
Bc1+ Kf6 35. Bb2 Kg5 36. Bc1+ Kf6 37. Bb2 Kg5 38. g3 Ng8 39. Rc2 Nh6 40. Bc1+
Kf6 41. Bxh6 Kf7 42. Bd2 Kf6 43. Rc1 Kf7 44. g4 f4 45. gxh5 gxh5 46. Rg1 Kf6
47. Be1 Rb8 48. Bh4+ Kf7 49. Rg5 Rh8 50. Rf5+ Kg6 51. Rg5+ Kf7 52. Be1 Kf6 53.
h4 Rh7 0-1